[Event "NAYCC U14"]
[Site "Windsor CAN"]
[Date "2016.08.11"]
[Round "9.77"]
[White "Eirew, Milo"]
[Black "Guan, Zi Yu"]
[Result "0-1"]
[WhiteElo "819"]
[BlackElo "1513"]
[PlyCount "60"]
[EventDate "2016.08.07"]
[EventType "swiss"]
[EventRounds "9"]
[EventCountry "CAN"]

1. e4 c5 2. Nf3 d6 3. Nc3 Nc6 4. Bb5 Bd7 5. Bxc6 Bxc6 6. d4 cxd4 7. Nxd4 e5 8.
Nf3 h6 9. O-O Nf6 10. Re1 Qc7 11. Nd5 Bxd5 12. exd5 Qc5 13. Qe2 Qxd5 14. a4 Be7
15. Rd1 Qc6 16. Rd3 e4 17. Rc3 exf3 18. Qxe7+ Kxe7 19. Rxc6 bxc6 20. gxf3 g5
21. Bd2 Nd5 22. Re1+ Kd7 23. c4 Nf4 24. Bc3 Rhe8 25. Kf1 Rxe1+ 26. Bxe1 Rb8 27.
b4 Nd3 28. b5 cxb5 29. axb5 Nxe1 30. Kxe1 Rc8 0-1

[Event "NAYCC U14"]
[Site "Windsor CAN"]
[Date "2016.08.11"]
[Round "9.78"]
[White "Cui, Kevin"]
[Black "Mathews, Joshua"]
[Result "1/2-1/2"]
[WhiteElo "1204"]
[BlackElo "1446"]
[PlyCount "67"]
[EventDate "2016.08.07"]
[EventType "swiss"]
[EventRounds "9"]
[EventCountry "CAN"]

1. e4 e5 2. Nf3 Nc6 3. d4 exd4 4. Bc4 Nf6 5. e5 d5 6. Bb5 Ne4 7. Nxd4 Bd7 8.
Nxc6 Bxc6 9. Bxc6+ bxc6 10. O-O Bc5 11. Nd2 Nxd2 12. Bxd2 O-O 13. Qg4 Qc8 14.
Qg3 Qe6 15. Be3 Bb6 16. Rfe1 f6 17. Bxb6 cxb6 18. f4 Qf5 19. Re2 fxe5 20. fxe5
Rae8 21. Rae1 Re6 22. Rf2 Qg6 23. Rxf8+ Kxf8 24. Qxg6 Rxg6 25. Kf2 Ke7 26. Kf3
Ke6 27. g4 Rh6 28. Kg3 g5 29. Re3 Rg6 30. h4 h6 31. hxg5 hxg5 32. Rf3 c5 33.
Rf5 Rg7 34. Kg2 1/2-1/2

[Event "NAYCC U14"]
[Site "Windsor CAN"]
[Date "2016.08.11"]
[Round "9.79"]
[White "Harichandrabose, Vicknan"]
[Black "Gaur, Shivan"]
[Result "0-1"]
[WhiteElo "1210"]
[BlackElo "1294"]
[PlyCount "72"]
[EventDate "2016.08.07"]
[EventType "swiss"]
[EventRounds "9"]
[EventCountry "CAN"]

1. e4 c5 2. c3 d5 3. exd5 Qxd5 4. d4 Nf6 5. Nf3 Bf5 6. Bd3 Bxd3 7. Qxd3 e6 8.
O-O Be7 9. Be3 O-O 10. Nbd2 Nc6 11. Rfd1 Rfd8 12. c4 Qd7 13. Nb3 e5 14. d5 e4
15. Qd2 exf3 16. dxc6 Qxc6 17. Qc2 fxg2 18. Qe2 b6 19. f3 Rxd1+ 20. Rxd1 Rd8
21. Re1 Qd7 22. Qxg2 Re8 23. Bh6 Bf8 24. Rxe8 Qxe8 25. Kf2 g6 26. Bxf8 Kxf8 27.
Nd2 Qe5 28. Qg3 Qxb2 29. Ke3 Qxa2 30. Qd6+ Kg7 31. Qe5 Qa3+ 32. Ke2 Qa2 33. Ke1
Qa5 34. Kd1 b5 35. Ne4 Qd8+ 36. Ke2 Qd4 0-1

[Event "NAYCC U14"]
[Site "Windsor CAN"]
[Date "2016.08.11"]
[Round "9.80"]
[White "Jeyakumar, Yathushan"]
[Black "Titus, Joshua"]
[Result "1-0"]
[WhiteElo "1210"]
[BlackElo "1155"]
[PlyCount "135"]
[EventDate "2016.08.07"]
[EventType "swiss"]
[EventRounds "9"]
[EventCountry "CAN"]

1. e4 c6 2. d4 d5 3. exd5 cxd5 4. Nf3 Nc6 5. Nc3 Nf6 6. Bb5 Bg4 7. h3 Bh5 8.
O-O e6 9. Bg5 Be7 10. Re1 O-O 11. Be2 Qb6 12. Be3 Qxb2 13. Na4 Qa3 14. c3 Ne4
15. Qb3 Qxb3 16. axb3 Bxf3 17. Bxf3 b5 18. Bxe4 bxa4 19. Bc2 axb3 20. Bxb3 a5
21. Ba4 Rfc8 22. Reb1 h6 23. Rb7 Bg5 24. Bxg5 hxg5 25. Rab1 Rab8 26. Bxc6 Rxb7
27. Bxb7 Rb8 28. Ra1 Rxb7 29. Rxa5 Rb1+ 30. Kh2 Rc1 31. Ra3 Rc2 32. Kg3 Kh7 33.
Kf3 Kg6 34. g4 f5 35. Kg3 fxg4 36. hxg4 Kf6 37. Kf3 e5 38. Ra6+ Kf7 39. dxe5
Rxc3+ 40. Ke2 Rc7 41. Rd6 d4 42. Rxd4 Rc5 43. Rd7+ Kg6 44. Re7 Kh7 45. Ke3 Kg8
46. Ke4 Kf8 47. Rd7 Rc2 48. f3 Re2+ 49. Kf5 Re3 50. Kxg5 Rxe5+ 51. Kg6 Re7 52.
Rxe7 Kxe7 53. Kxg7 Ke6 54. g5 Kf5 55. Kh6 Ke6 56. g6 Kf6 57. g7 Kf7 58. Kh7 Kf6
59. g8=Q Kf5 60. Qe8 Kf4 61. Qe4+ Kg3 62. Kh6 Kf2 63. Kg5 Kg3 64. f4 Kf2 65. f5
Kg3 66. Qe3+ Kg2 67. Qe2+ Kh1 68. Kg4 1-0

[Event "NAYCC U14"]
[Site "Windsor CAN"]
[Date "2016.08.11"]
[Round "9.81"]
[White "Jasniewicz, Adam"]
[Black "Li, Yang"]
[Result "1/2-1/2"]
[WhiteElo "807"]
[BlackElo "1119"]
[PlyCount "48"]
[EventDate "2016.08.07"]
[EventType "swiss"]
[EventRounds "9"]
[EventCountry "CAN"]

1. d4 d5 2. Nf3 Nf6 3. Bf4 Nc6 4. e3 Nh5 5. g3 Nxf4 6. gxf4 Bg4 7. Nbd2 e6 8.
Rg1 Bxf3 9. Qxf3 a6 10. c3 Qh4 11. O-O-O O-O-O 12. Qg3 Qxg3 13. Rxg3 g6 14. Bg2
Be7 15. Rh3 h6 16. e4 dxe4 17. Bxe4 g5 18. f5 exf5 19. Bxf5+ Kb8 20. Re3 Bd6
21. h3 Rhe8 22. Rde1 Rxe3 23. Rxe3 Bf4 24. Re2 Rd6 1/2-1/2

[Event "NAYCC U14"]
[Site "Windsor CAN"]
[Date "2016.08.11"]
[Round "9.82"]
[White "Liu, Benjamin"]
[Black "Zaid, Shahmeer"]
[Result "1-0"]
[WhiteElo "982"]
[BlackElo "820"]
[PlyCount "47"]
[EventDate "2016.08.07"]
[EventType "swiss"]
[EventRounds "9"]
[EventCountry "CAN"]

1. d4 d5 2. c4 c6 3. Nf3 Nf6 4. g3 g6 5. Bg2 Bg7 6. O-O Nbd7 7. Qc2 O-O 8. b3
Re8 9. Bb2 c5 10. cxd5 Nxd5 11. Nbd2 cxd4 12. Nxd4 N7f6 13. e4 Nb6 14. Rad1 e5
15. N4f3 Bg4 16. Nc4 Qc7 17. Rc1 Rac8 18. Nfxe5 Be6 19. Qe2 Nxc4 20. Nxc4 Nd7
21. Bxg7 Kxg7 22. Rfd1 h5 23. Nd6 Qd8 24. Rxc8 1-0

[Event "NAYCC U14 w"]
[Site "Windsor CAN"]
[Date "2016.08.07"]
[Round "1.79"]
[White "Chin, Angelica"]
[Black "Zhou, Lily"]
[Result "1-0"]
[WhiteElo "1970"]
[BlackElo "1595"]
[PlyCount "111"]
[EventDate "2016.08.07"]
[EventType "swiss"]
[EventRounds "9"]
[EventCountry "CAN"]

1. e4 c5 2. Nf3 Nc6 3. d4 cxd4 4. Nxd4 g6 5. Nc3 Bg7 6. Be3 Nf6 7. Bc4 O-O 8.
Bb3 Qa5 9. O-O Rd8 10. Qe2 Qb4 11. Rad1 d6 12. a3 Qa5 13. Nxc6 bxc6 14. Qc4 Be6
15. Qxc6 Bxb3 16. cxb3 Rac8 17. Qb5 Qxb5 18. Nxb5 Nxe4 19. Nxa7 Rc2 20. f3 Nc5
21. Nc6 Rd7 22. Nb4 Rxb2 23. Bxc5 dxc5 24. Rxd7 cxb4 25. axb4 Rxb3 26. Rd8+ Bf8
27. Rb8 Kg7 28. b5 e6 29. Rc1 Bd6 30. Rb7 Rb2 31. g3 Be5 32. Rd1 Kh6 33. Rxf7
Rxb5 34. Rdd7 Bc3 35. Rxh7+ Kg5 36. h4+ Kf5 37. Rhf7+ Ke5 38. Rb7 Ra5 39. Kg2
Kd4 40. g4 Ke3 41. Rb3 Kd2 42. Rd7+ Kc2 43. Rb6 e5 44. Rc6 Kb3 45. Rb7+ Kc2 46.
Rbc7 Ra3 47. Rxc3+ Rxc3 48. Rxc3+ Kxc3 49. h5 e4 50. fxe4 g5 51. h6 Kd4 52. h7
Kxe4 53. h8=Q Kf4 54. Qf6+ Kxg4 55. Qf3+ Kh4 56. Qh3# 1-0

[Event "NAYCC U14 w"]
[Site "Windsor CAN"]
[Date "2016.08.07"]
[Round "1.80"]
[White "Ravishankar, Ramitha"]
[Black "Li, Marissa"]
[Result "0-1"]
[WhiteElo "1558"]
[BlackElo "1802"]
[PlyCount "94"]
[EventDate "2016.08.07"]
[EventType "swiss"]
[EventRounds "9"]
[EventCountry "CAN"]

1. e4 c5 2. Nf3 e6 3. d4 cxd4 4. Nxd4 Nc6 5. Nc3 Qc7 6. Be3 a6 7. Qd2 Nf6 8. f4
Bb4 9. Bd3 d6 10. O-O Ng4 11. f5 Nxe3 12. Qxe3 Bc5 13. Nce2 e5 14. c3 exd4 15.
cxd4 Nxd4 16. Nxd4 Qb6 17. Kh1 Bxd4 18. Qg3 Be5 19. Qf3 Bd7 20. Rac1 Bb5 21. b3
Bxd3 22. Qxd3 O-O 23. Qf3 Rac8 24. Rxc8 Rxc8 25. h3 Rc3 26. Qg4 Qe3 27. f6 Qg3
28. Qxg3 Bxg3 29. fxg7 Re3 30. Kg1 Re1 31. Rxe1 Bxe1 32. Kf1 Bb4 33. Ke2 Kxg7
34. Kd3 Kf6 35. Kd4 Ke6 36. a4 b5 37. Ke3 Ke5 38. g3 h5 39. Kf3 Bc5 40. g4
hxg4+ 41. hxg4 f6 42. g5 fxg5 43. Kg4 Kxe4 44. Kxg5 d5 45. Kf6 d4 46. Ke6 d3
47. Kd7 d2 0-1

[Event "NAYCC U14 w"]
[Site "Windsor CAN"]
[Date "2016.08.07"]
[Round "1.81"]
[White "Yen, Sarah"]
[Black "Ge, Jade"]
[Result "1-0"]
[WhiteElo "1802"]
[BlackElo "1520"]
[PlyCount "69"]
[EventDate "2016.08.07"]
[EventType "swiss"]
[EventRounds "9"]
[EventCountry "CAN"]

1. e4 c5 2. Nf3 Nc6 3. c3 e5 4. Bc4 Nf6 5. Qe2 g6 6. O-O Bg7 7. d3 d6 8. h3 O-O
9. Be3 Be6 10. Nbd2 b6 11. Bb5 Ne7 12. Ba6 Rb8 13. a4 Qc7 14. Nc4 Nc6 15. Bb5
Ra8 16. Ng5 a6 17. Nxe6 fxe6 18. Bxc6 Qxc6 19. b4 cxb4 20. cxb4 b5 21. Nb6 Rab8
22. Rfc1 Qe8 23. Rc7 Rf7 24. Qc2 d5 25. axb5 axb5 26. Ra6 d4 27. Bg5 Qf8 28. f3
Qxb4 29. Rxf7 Kxf7 30. Qc7+ Kg8 31. Qxb8+ Qf8 32. Qxf8+ Kxf8 33. Bxf6 Bxf6 34.
Nd7+ Kf7 35. Nxf6 1-0

[Event "NAYCC U14 w"]
[Site "Windsor CAN"]
[Date "2016.08.07"]
[Round "1.82"]
[White "Guo, Ingrid"]
[Black "Morris-Suzuki, Sophie"]
[Result "1-0"]
[WhiteElo "1473"]
[BlackElo "1787"]
[PlyCount "113"]
[EventDate "2016.08.07"]
[EventType "swiss"]
[EventRounds "9"]
[EventCountry "CAN"]

1. e4 c5 2. Nf3 e6 3. d4 cxd4 4. Nxd4 a6 5. g3 d5 6. Nc3 Bb4 7. Bg2 dxe4 8. O-O
Nf6 9. Nxe4 O-O 10. Bg5 Be7 11. Nxf6+ Bxf6 12. Bxf6 Qxf6 13. c3 e5 14. Nb3 Nc6
15. Qe2 Bf5 16. Rad1 Qg6 17. Nc5 b6 18. Nd7 Rfe8 19. Nxb6 Rab8 20. Nc4 Rbd8 21.
Rxd8 Rxd8 22. Nxe5 Nxe5 23. Qxe5 h6 24. Re1 Rd2 25. c4 Rd6 26. Qe8+ Kh7 27. Qe2
Re6 28. Qd2 Rd6 29. Qf4 Rb6 30. Re5 Bd3 31. b3 Re6 32. Rxe6 Qxe6 33. Qe3 Qf5
34. Bh3 Qg6 35. Qe5 Be4 36. Bg2 Bf5 37. Qd5 Be6 38. Qe4 Bf5 39. Qc6 Qg5 40. Be4
Bxe4 41. Qxe4+ g6 42. Kg2 Kg7 43. Qd4+ Kg8 44. c5 Qc1 45. Qd5 Qe1 46. c6 Qe7
47. a4 h5 48. b4 h4 49. b5 axb5 50. axb5 Qe2 51. c7 Qc2 52. Qa8+ Kg7 53. c8=Q
h3+ 54. Qxh3 Kf6 55. Qc6+ Qxc6+ 56. bxc6 Ke7 57. c7 1-0

[Event "NAYCC U14 w"]
[Site "Windsor CAN"]
[Date "2016.08.07"]
[Round "1.83"]
[White "Konovalenko, Sasha"]
[Black "Zhang, Jeannie"]
[Result "1-0"]
[WhiteElo "1775"]
[BlackElo "1459"]
[PlyCount "69"]
[EventDate "2016.08.07"]
[EventType "swiss"]
[EventRounds "9"]
[EventCountry "CAN"]

1. e4 c5 2. Nf3 Nc6 3. d4 cxd4 4. Nxd4 Qb6 5. Nb5 Nf6 6. N1c3 a6 7. Na3 e6 8.
Nc4 Qc7 9. Bd3 Bb4 10. Bd2 b5 11. Ne3 O-O 12. O-O Bb7 13. h3 Ne5 14. Nxb5 Qc5
15. Nc3 Bxc3 16. Bxc3 Nxe4 17. Bxe4 Bxe4 18. Ng4 Nxg4 19. Qxg4 Bg6 20. Bb4 Qxc2
21. Bxf8 Rxf8 22. Qb4 Rc8 23. Qd6 Qxb2 24. Qxd7 Qc3 25. Rfd1 h6 26. Qd2 Qc4 27.
Rac1 Bc2 28. Re1 Qxa2 29. Re2 Rb8 30. Qxc2 Qd5 31. Rd2 Qb5 32. Rcd1 Qb6 33. Rd6
Qb7 34. Rd8+ Rxd8 35. Rxd8# 1-0

[Event "NAYCC U14 w"]
[Site "Windsor CAN"]
[Date "2016.08.07"]
[Round "1.84"]
[White "Zhou, Annika"]
[Black "Kao, Camille"]
[Result "0-1"]
[WhiteElo "1443"]
[BlackElo "1765"]
[PlyCount "80"]
[EventDate "2016.08.07"]
[EventType "swiss"]
[EventRounds "9"]
[EventCountry "CAN"]

1. d4 d5 2. Bf4 Nf6 3. e3 Bf5 4. Nd2 e6 5. c4 c6 6. Qb3 Qb6 7. c5 Qxb3 8. axb3
Nbd7 9. h3 Be7 10. b4 O-O 11. Ngf3 Ne4 12. Nxe4 dxe4 13. Nd2 Nf6 14. Bc4 Nd5
15. Bxd5 exd5 16. Bg3 Bd7 17. Ke2 f5 18. Be5 Bf6 19. Bxf6 Rxf6 20. g3 Rff8 21.
Ra3 a6 22. Nb3 Rae8 23. Na5 Bc8 24. Raa1 g5 25. Rag1 Kh8 26. h4 f4 27. hxg5
fxe3 28. fxe3 Rg8 29. Rf1 Rxg5 30. Rf7 Rg7 31. Rxg7 Kxg7 32. Rf1 Re6 33. Ke1
Rh6 34. g4 Rh3 35. Kd2 Rh2+ 36. Kc3 Re2 37. Rg1 Rxe3+ 38. Kd2 Rd3+ 39. Ke2 Rxd4
40. Rf1 Rxb4 0-1

[Event "NAYCC U14 w"]
[Site "Windsor CAN"]
[Date "2016.08.07"]
[Round "1.85"]
[White "Friedman, Gloria"]
[Black "Tao, Ellen"]
[Result "1-0"]
[WhiteElo "1725"]
[BlackElo "1418"]
[PlyCount "115"]
[EventDate "2016.08.07"]
[EventType "swiss"]
[EventRounds "9"]
[EventCountry "CAN"]

1. d4 Nf6 2. c4 e6 3. Nc3 Bb4 4. e3 Bxc3+ 5. bxc3 d6 6. Nf3 Nbd7 7. Bd3 O-O 8.
O-O b6 9. e4 e5 10. Re1 Re8 11. a4 a5 12. d5 Nc5 13. Bc2 Ba6 14. Nd2 Nfd7 15.
Qe2 Qf6 16. Nf1 Nf8 17. Ne3 Ng6 18. Ng4 Qe7 19. g3 Bc8 20. Ne3 Qf6 21. Ng2 Bh3
22. Qh5 Bxg2 23. Kxg2 h6 24. Bd2 Nd7 25. Rf1 Qd8 26. Rae1 Nf6 27. Qd1 Qd7 28.
Qf3 Qg4 29. Qxg4 Nxg4 30. h3 Nf6 31. f4 exf4 32. gxf4 Nd7 33. Be3 Re7 34. Bd4
Rae8 35. Kg3 Nc5 36. Bxc5 bxc5 37. Rb1 Ra8 38. Rb7 Kf8 39. e5 Nh8 40. Re1 Ke8
41. e6 fxe6 42. Rxe6 Rxe6 43. dxe6 Kd8 44. Be4 Rc8 45. Ra7 Ke7 46. f5 Kd8 47.
Rxa5 Rb8 48. Ra8 Rxa8 49. Bxa8 Ke7 50. Bc6 g6 51. a5 gxf5 52. a6 f4+ 53. Kxf4
Ng6+ 54. Ke3 Ne5 55. Bd5 c6 56. a7 cxd5 57. a8=Q Nxc4+ 58. Kf4 1-0

[Event "NAYCC U14 w"]
[Site "Windsor CAN"]
[Date "2016.08.08"]
[Round "2.79"]
[White "Kao, Camille"]
[Black "Chin, Angelica"]
[Result "1-0"]
[WhiteElo "1765"]
[BlackElo "1970"]
[PlyCount "79"]
[EventDate "2016.08.07"]
[EventType "swiss"]
[EventRounds "9"]
[EventCountry "CAN"]

1. e4 c5 2. c3 Nf6 3. e5 Nd5 4. Bc4 Nb6 5. Bb3 c4 6. Bc2 Nc6 7. Nf3 d6 8. exd6
e6 9. O-O Bxd6 10. b3 cxb3 11. axb3 O-O 12. d4 h6 13. Qd3 f5 14. Re1 Qf6 15.
Ba3 Bxa3 16. Nxa3 Nd5 17. Nc4 Nf4 18. Qd2 Ng6 19. b4 b5 20. Nd6 a6 21. Nxb5 Rd8
22. Bb3 Nf8 23. Qe2 Qf7 24. Ne5 Nxe5 25. Qxe5 Bd7 26. Nd6 Qf6 27. Qxf6 gxf6 28.
Nxf5 Kh7 29. Ng3 Rdc8 30. Ne4 Kg7 31. Nc5 Ra7 32. f4 Kg6 33. g3 h5 34. Bc4 Rc6
35. Rxa6 Raxa6 36. Bxa6 Bc8 37. b5 Rc7 38. b6 Rc6 39. b7 Bxb7 40. Bxb7 1-0

[Event "NAYCC U14 w"]
[Site "Windsor CAN"]
[Date "2016.08.08"]
[Round "2.80"]
[White "Li, Marissa"]
[Black "Friedman, Gloria"]
[Result "1-0"]
[WhiteElo "1802"]
[BlackElo "1725"]
[PlyCount "53"]
[EventDate "2016.08.07"]
[EventType "swiss"]
[EventRounds "9"]
[EventCountry "CAN"]

1. d4 d5 2. c4 e6 3. Nc3 Nf6 4. cxd5 exd5 5. Bg5 Be7 6. e3 O-O 7. Bd3 c6 8. Qc2
Nbd7 9. Nf3 Re8 10. O-O Nf8 11. Rab1 Be6 12. b4 Rc8 13. Ne5 Nh5 14. Bxe7 Qxe7
15. Be2 Nf6 16. f4 Ne4 17. f5 Nxc3 18. Qxc3 Bd7 19. Bh5 g6 20. fxg6 fxg6 21.
Bg4 Rcd8 22. Rf3 Ne6 23. Rf7 Qd6 24. Rbf1 Bc8 25. R7f6 Qe7 26. Nf7 Rd7 27. Rxe6
1-0

[Event "NAYCC U14 w"]
[Site "Windsor CAN"]
[Date "2016.08.08"]
[Round "2.81"]
[White "Guo, Ingrid"]
[Black "Yen, Sarah"]
[Result "1/2-1/2"]
[WhiteElo "1473"]
[BlackElo "1802"]
[PlyCount "83"]
[EventDate "2016.08.07"]
[EventType "swiss"]
[EventRounds "9"]
[EventCountry "CAN"]

1. e4 e6 2. d4 d5 3. e5 c5 4. c3 Qb6 5. Nf3 Bd7 6. Be2 Bb5 7. O-O Bxe2 8. Qxe2
Ne7 9. Na3 Nec6 10. Qb5 Qc7 11. Qe2 a6 12. Bg5 Nd7 13. Rad1 h6 14. Bh4 cxd4 15.
cxd4 Bb4 16. Nc2 Ba5 17. a3 O-O 18. Rc1 Rac8 19. Ne3 b5 20. Be7 Rfe8 21. Bd6
Qa7 22. Nc2 Bb6 23. Qd3 Na5 24. b3 Nc6 25. Nb4 Nxb4 26. axb4 Nb8 27. Bxb8 Qxb8
28. Ra1 Qb7 29. Ra2 Rc6 30. Rc2 Rxc2 31. Qxc2 Rc8 32. Qd2 Rc6 33. Rc1 Bd8 34.
Rc3 Qc8 35. Rxc6 Qxc6 36. h3 Be7 37. Ne1 Bg5 38. f4 Bh4 39. Nd3 Be7 40. Nc5 f6
41. Qe3 Kf7 42. Qf3 1/2-1/2

[Event "NAYCC U14 w"]
[Site "Windsor CAN"]
[Date "2016.08.08"]
[Round "2.82"]
[White "John, Namitha"]
[Black "Konovalenko, Sasha"]
[Result "0-1"]
[WhiteElo "1091"]
[BlackElo "1775"]
[PlyCount "131"]
[EventDate "2016.08.07"]
[EventType "swiss"]
[EventRounds "9"]
[EventCountry "CAN"]

1. e4 d5 2. exd5 Qxd5 3. Nc3 Qd6 4. Nf3 c6 5. d4 Bg4 6. Be2 Nf6 7. Be3 Nbd7 8.
h3 Bh5 9. Qd2 e6 10. a3 Qc7 11. Bf4 Bd6 12. Bxd6 Qxd6 13. g4 Bg6 14. O-O-O Nd5
15. Bd3 Nxc3 16. Qxc3 Qf4+ 17. Nd2 Nf6 18. Kb1 Nd5 19. Qc4 Bxd3 20. Qxd3 Qxf2
21. Rhf1 Qe3 22. Nf3 Qxd3 23. Rxd3 O-O 24. Ne5 Rad8 25. Rdf3 Nf6 26. g5 Ne4 27.
Kc1 Nxg5 28. Rg3 f6 29. Nf3 Nxf3 30. Rgxf3 Rxd4 31. Rh1 e5 32. h4 e4 33. Rg3 f5
34. h5 f4 35. Rg4 e3 36. h6 g6 37. Rg5 f3 38. Re5 f2 39. Rf1 Rg4 40. Kd1 Rg3
41. Ke2 Rgf3 42. Rxe3 Rxe3+ 43. Kxe3 g5 44. Rxf2 Rxf2 45. Kxf2 Kf7 46. Kg3 Kg6
47. Kg4 Kxh6 48. b4 Kg6 49. a4 h5+ 50. Kg3 Kf5 51. c4 g4 52. b5 Kg5 53. a5 h4+
54. Kg2 a6 55. bxa6 bxa6 56. c5 Kf4 57. Kh2 Kf3 58. Kh1 g3 59. Kg1 g2 60. Kh2
Kf2 61. Kh3 g1=Q 62. Kxh4 Kf3 63. Kh5 Kf4 64. Kh6 Kf5 65. Kh7 Kf6 66. Kh8 0-1

[Event "NAYCC U14 w"]
[Site "Windsor CAN"]
[Date "2016.08.08"]
[Round "2.83"]
[White "Ge, Jade"]
[Black "Tao, Ellen"]
[Result "0-1"]
[WhiteElo "1520"]
[BlackElo "1418"]
[PlyCount "56"]
[EventDate "2016.08.07"]
[EventType "swiss"]
[EventRounds "9"]
[EventCountry "CAN"]

1. e4 c5 2. Nf3 Nc6 3. d4 cxd4 4. Nxd4 Qb6 5. Nxc6 bxc6 6. Nc3 e6 7. Bd3 Nf6 8.
O-O Be7 9. Rb1 d5 10. e5 Nd7 11. Bf4 Ba6 12. Qe2 Bxd3 13. Qxd3 Nc5 14. Qg3 g6
15. Be3 Qc7 16. Rfd1 f6 17. exf6 Qxg3 18. fxg3 Bd6 19. Bd4 Kf7 20. Rf1 e5 21.
Bxc5 Bxc5+ 22. Kh1 Rhf8 23. g4 e4 24. Ne2 Rae8 25. c3 h6 26. h4 Re6 27. g5 hxg5
28. hxg5 Rh8# 0-1

[Event "NAYCC U14 w"]
[Site "Windsor CAN"]
[Date "2016.08.08"]
[Round "2.84"]
[White "Morris-Suzuki, Sophie"]
[Black "Zhou, Annika"]
[Result "1-0"]
[WhiteElo "1787"]
[BlackElo "1443"]
[PlyCount "77"]
[EventDate "2016.08.07"]
[EventType "swiss"]
[EventRounds "9"]
[EventCountry "CAN"]

1. d4 Nf6 2. c4 Nc6 3. Nc3 e5 4. dxe5 Nxe5 5. e4 Bc5 6. f4 Neg4 7. Nh3 d6 8.
Qf3 Qe7 9. Bd2 O-O 10. O-O-O h6 11. Bd3 Bd7 12. Nd5 Nxd5 13. exd5 Bd4 14. Kb1
f5 15. Rc1 Qf6 16. Bc3 Rae8 17. Bxd4 Qxd4 18. Qd1 Re3 19. Rc3 Rfe8 20. Qd2 Re2
21. Qc1 R2e3 22. Rd1 Qf6 23. c5 dxc5 24. Rxc5 c6 25. dxc6 Bxc6 26. Rxf5 Qe7 27.
Qc4+ Kh8 28. Rf7 Qe6 29. Qxe6 R3xe6 30. Bf5 Be4+ 31. Bxe4 Rxe4 32. Rxb7 Re2 33.
f5 Rxg2 34. Nf4 Rxh2 35. Rg1 Rf2 36. Ne6 Rxf5 37. Nxg7 Ree5 38. Nxf5 Rxf5 39.
Rxg4 1-0

[Event "NAYCC U14 w"]
[Site "Windsor CAN"]
[Date "2016.08.08"]
[Round "2.85"]
[White "Zhou, Lily"]
[Black "Li, Jewel"]
[Result "1-0"]
[WhiteElo "1595"]
[BlackElo "980"]
[PlyCount "169"]
[EventDate "2016.08.07"]
[EventType "swiss"]
[EventRounds "9"]
[EventCountry "CAN"]

1. d4 d5 2. c4 e6 3. Nf3 Nf6 4. e3 Nc6 5. b3 b6 6. Bb2 Bb7 7. Nbd2 Be7 8. a3
O-O 9. Bd3 a6 10. O-O Bd6 11. Qe2 Qd7 12. Ne5 Qd8 13. f4 Ne8 14. cxd5 exd5 15.
Rf3 h6 16. Rh3 Nf6 17. g4 Bxe5 18. fxe5 Ne8 19. Rg3 Qe7 20. g5 hxg5 21. Qh5 g6
22. Rxg5 Ng7 23. Qh6 Nd8 24. Rg4 Nde6 25. h4 Bc8 26. Rg2 Bd7 27. h5 Qh4 28. Rh2
Qg5+ 29. Qxg5 Nxg5 30. hxg6 fxg6 31. Bxg6 Bf5 32. Bxf5 Rxf5 33. Rf1 Raf8 34.
Rxf5 Rxf5 35. Rh6 N7e6 36. Kg2 Kg7 37. Rh1 a5 38. Rf1 Kg6 39. a4 c6 40. Bc3
Rxf1 41. Kxf1 Kf5 42. Ke2 Ne4 43. Nxe4 Kxe4 44. Be1 c5 45. Bc3 Kf5 46. Kd3 cxd4
47. exd4 Nf4+ 48. Ke3 Ne6 49. Be1 Kg4 50. b4 axb4 51. Bxb4 Kf5 52. Bc3 Kg6 53.
Kd3 Kf5 54. Kc2 Kg6 55. Kb3 Nc7 56. Kb4 Kf7 57. Be1 Ke6 58. a5 bxa5+ 59. Kxa5
Kf5 60. Kb6 Ne6 61. Bf2 Nf4 62. Be3 Ne6 63. Kc6 Ke4 64. Kd6 Ng7 65. Bg1 Nf5+
66. Ke6 Ng7+ 67. Kf7 Nf5 68. Kf6 Ng3 69. e6 Nf5 70. e7 Nxe7 71. Kxe7 Kd3 72.
Ke6 Kc4 73. Ke5 Kb5 74. Kxd5 Kb4 75. Kc6 Kc4 76. d5 Kb3 77. d6 Kc4 78. d7 Kd3
79. d8=Q+ Ke2 80. Qh4 Kd3 81. Kc5 Ke2 82. Kc4 Kd2 83. Qh2+ Kd1 84. Kd3 Kc1 85.
Qc2# 1-0

[Event "NAYCC U14 w"]
[Site "Windsor CAN"]
[Date "2016.08.08"]
[Round "2.86"]
[White "Zhang, Jeannie"]
[Black "Ravishankar, Ramitha"]
[Result "0-1"]
[WhiteElo "1459"]
[BlackElo "1558"]
[PlyCount "110"]
[EventDate "2016.08.07"]
[EventType "swiss"]
[EventRounds "9"]
[EventCountry "CAN"]

1. e4 e6 2. d4 d5 3. exd5 exd5 4. Bd3 Bd6 5. Nf3 Ne7 6. h3 Bf5 7. O-O O-O 8.
Nc3 c6 9. Re1 Bxd3 10. Qxd3 Ng6 11. Ne2 Qc7 12. Be3 Nd7 13. c3 Nf6 14. Rac1
Rae8 15. Nd2 Ne4 16. Nxe4 dxe4 17. Qd2 f5 18. d5 c5 19. g3 Ne5 20. Kg2 Nf3 21.
Qc2 Nxe1+ 22. Rxe1 Qf7 23. c4 Qh5 24. Nf4 Qf3+ 25. Kg1 g5 26. Ne6 Rxe6 27. dxe6
f4 28. Bxf4 gxf4 29. Qxe4 fxg3 30. Qxf3 Rxf3 31. fxg3 Rxg3+ 32. Kf2 Rg7 33. Rd1
Bc7 34. Kf3 Re7 35. Re1 Kg7 36. Rd1 Kf6 37. Rd5 b6 38. Ke3 Rxe6+ 39. Kd3 Rd6
40. Rxd6+ Bxd6 41. Ke4 Ke6 42. Ke3 Kf5 43. Kf3 h5 44. b3 Bf4 45. Kf2 Ke4 46.
Ke2 h4 47. Kf2 Bg5 48. Ke2 Kd4 49. Kd1 Kc3 50. Ke2 Kb2 51. Kd3 Kxa2 52. Kc3 Ka3
53. Kc2 Bf6 54. Kd3 Kxb3 55. Kd2 Kb2 0-1

[Event "NAYCC U14 w"]
[Site "Windsor CAN"]
[Date "2016.08.08"]
[Round "3.79"]
[White "Konovalenko, Sasha"]
[Black "Li, Marissa"]
[Result "1-0"]
[WhiteElo "1775"]
[BlackElo "1802"]
[PlyCount "65"]
[EventDate "2016.08.07"]
[EventType "swiss"]
[EventRounds "9"]
[EventCountry "CAN"]

1. e4 c5 2. Nf3 e6 3. d4 cxd4 4. Nxd4 Nc6 5. Nc3 Nf6 6. Be3 Bb4 7. Nxc6 bxc6 8.
Bd3 d5 9. Bd2 O-O 10. e5 Nd7 11. Qh5 g6 12. Qg4 c5 13. f4 f5 14. Qd1 Bxc3 15.
bxc3 c4 16. Be2 Nc5 17. Bf3 Qa5 18. O-O Rd8 19. h4 Bb7 20. Be3 Ne4 21. Bd4 Bc6
22. g4 Rd7 23. Kh2 Kh8 24. h5 gxh5 25. gxf5 Rg7 26. f6 Rg6 27. Rg1 Rxg1 28.
Qxg1 Rg8 29. Qe3 Qd8 30. Rg1 Rg6 31. f5 exf5 32. Rxg6 Nxf6 33. exf6 1-0

[Event "NAYCC U14 w"]
[Site "Windsor CAN"]
[Date "2016.08.08"]
[Round "3.80"]
[White "Yen, Sarah"]
[Black "Kao, Camille"]
[Result "1-0"]
[WhiteElo "1802"]
[BlackElo "1765"]
[PlyCount "137"]
[EventDate "2016.08.07"]
[EventType "swiss"]
[EventRounds "9"]
[EventCountry "CAN"]

1. e4 e6 2. d4 d5 3. exd5 exd5 4. Bd3 Bd6 5. c3 Nf6 6. Nf3 O-O 7. O-O Bg4 8. h3
Bh5 9. Bg5 Nbd7 10. Nbd2 c6 11. Bh4 Qc7 12. Qc2 Bg6 13. Bxg6 hxg6 14. Rfe1 Rfe8
15. Nf1 Nh5 16. Ng5 Ndf6 17. g4 Nf4 18. Bg3 Ne4 19. Bxf4 Bxf4 20. Nxe4 dxe4 21.
Rxe4 Re7 22. Rae1 Rae8 23. b3 Qd6 24. f3 Re6 25. c4 f5 26. Rxe6 Rxe6 27. Rxe6
Qxe6 28. Kf2 Qf6 29. Qd3 Bd6 30. Qe3 Kf7 31. Kg2 b6 32. Qd2 Qe6 33. Qe3 Qf6 34.
Nd2 Qh4 35. Qf2 Qg5 36. Nf1 Qc1 37. Qd2 Bf4 38. Qxc1 Bxc1 39. Kf2 f4 40. Ke2
Ke6 41. Kd3 b5 42. Nd2 bxc4+ 43. bxc4 Bb2 44. Ne4 Ba3 45. c5 Kd5 46. Nc3+ Ke6
47. h4 Bb4 48. Ne2 Be1 49. Nxf4+ Kf6 50. Ng2 Bf2 51. Ke4 Ke6 52. Nf4+ Kf6 53.
d5 Bxc5 54. dxc6 Bd6 55. Nd5+ Ke6 56. f4 Bc5 57. f5+ gxf5+ 58. gxf5+ Kd6 59. c7
Kd7 60. h5 a5 61. Ke5 Bd6+ 62. Kd4 a4 63. Kc4 Kc8 64. Kb5 Kb7 65. Kxa4 Bc5 66.
Kb5 Bd4 67. a4 g6 68. fxg6 Be5 69. a5 1-0